LEADER 00860nam0-22003011i-450- 001 990005290650403321 005 20060123140223.0 035 $a000529065 035 $aFED01000529065 035 $a(Aleph)000529065FED01 035 $a000529065 100 $a19990604d1965----km-y0itay50------ba 101 0 $aita 105 $ay-------001yy 200 1 $a<>handbook of greek mythology$eIncluding its extension to Rome$fH.J. Rose 210 $aLondon$cMethuen$d1965 215 $aVIII, 363 p.$d21 cm 225 1 $aUniversity Paperbacks$v70 610 0 $aMitologia greca 676 $a292.13$v21$zita 700 1$aRose,$bH.J.$0182750 801 0$aIT$bUNINA$gRICA$2UNIMARC 901 $aBK 912 $a990005290650403321 952 $a292.13 ROS 3$bST.REL. 127$fFLFBC 959 $aFLFBC 996 $aHandbook of greek mythology$9537986 997 $aUNINA LEADER 01249nam--2200409---450- 001 990000877820203316 005 20051215150600.0 035 $a0087782 035 $aUSA010087782 035 $a(ALEPH)000087782USA01 035 $a0087782 100 $a20020116d1976----km-y0itay0103----ba 101 $aita 102 $aIT 105 $a||||||||001yy 200 1 $aChabrol$eClaude Chabrol$fdi Angelo Moscariello 210 $aFirenze$cLa nuova Italia$d1976 215 $a118 p$d17 cm 225 2 $aIl castoro cinema$x0392-4440 300 $aFnito di stampare nel 1977 410 $12001$aIl castoro cinema$x0392-4440 606 0 $aChabrol, Claude 676 $a791.43 700 1$aMOSCARIELLO,$bAngelo$0142824 801 0$aIT$bsalbc$gISBD 912 $a990000877820203316 951 $aXIII.2. Coll. 3/ 104(XVI D COLL. 1/34)$b138995 LM$cXVI D COLL. 951 $aXIII.2. Coll. 3/ 104a(VII C Coll 22/34)$b74539 LM$cVII C 959 $aBK 969 $aUMA 979 $aPATTY$b90$c20020116$lUSA01$h1214 979 $c20020403$lUSA01$h1732 979 $aPATRY$b90$c20040406$lUSA01$h1700 979 $aCOPAT2$b90$c20050426$lUSA01$h1551 979 $aCOPAT5$b90$c20051215$lUSA01$h1506 996 $aChabrol$9904354 997 $aUNISA LEADER 01462nam 2200361 a 450 001 9910702373903321 005 20121126144141.0 035 $a(CKB)5470000002426417 035 $a(OCoLC)819339439 035 $a(EXLCZ)995470000002426417 100 $a20121126d2012 ua 0 101 0 $aeng 135 $aurbn||||||||| 181 $ctxt$2rdacontent 182 $cc$2rdamedia 183 $acr$2rdacarrier 200 10$aAviation$b[electronic resource] $etransport services : agreements between the United States of America and Iceland amending the agreement of June 14, 1995, effected by exchange of notes at Reykjavik, March 1, 2002 and effected by exchange of notes at Reykjavik, August 14, 2006 and March 9, 2007 210 1$a[Washington, D.C.] :$cU.S. Dept. of State,$d[2012?] 215 $a1 online resource (12 unnumbered pages) 225 1 $aTreaties and other international acts series ;$v02-301.1 300 $aTitle from title screen (viewed on Nov. 26, 2012). 517 $aAviation 606 $aAeronautics, Commercial$xLaw and legislation$zUnited States 606 $aAeronautics, Commercial$xLaw and legislation$zIceland 615 0$aAeronautics, Commercial$xLaw and legislation 615 0$aAeronautics, Commercial$xLaw and legislation 712 02$aUnited States.$bDepartment of State. 801 0$bGPO 801 1$bGPO 906 $aBOOK 912 $a9910702373903321 996 $aAviation$9799860 997 $aUNINA